| 000 | 00495nam a2200157 i 4500 | ||
|---|---|---|---|
| 001 | 38589 | ||
| 003 | ES-MaACL | ||
| 007 | t| | ||
| 008 | 030226q1949 sp ||||1| spa d | ||
| 100 | 1 |
_aBurnham, James. _932740 |
|
| 245 | 1 | 3 |
_aLa lucha por el imperio mundial / _cpor James Burnham ; traducción de Francisco Javier Osset. |
| 260 |
_aMadrid : _bPegaso, _c[1949?] ( _fMaeza) |
||
| 300 |
_aXV, 405 p. ; _c20 cm. |
||
| 700 | 1 |
_aOsset, Francisco Javier. _987784 |
|
| 852 |
_aES-MaACL _jE-719 _bR.28642 |
||
| 999 |
_c38589 _d38589 |
||